000 01520nam a2200361 i 4500
001 000010005
003 DO-SdBNP
005 20240412074214.0
007 ta
008 091002s1976 dr a 000 p spa d
040 _aDO-SdBNP
_bspa
_cBNPHU
_erda
082 4 _aRD861.42
_bP438f
_222
100 1 _aPérez Alfonseca, Ricardo
_924948
_eautor
240 1 0 _aFinis patria
_lEspañol
245 1 2 _aFinis patria :
_bCanto a la independencia /
_cRicardo Pérez Alfonseca ; presentación Leonardo Matos Berrido ; prólogo Hector Inchaustegui Cabral.
264 _aSanto Domingo :
_bPublicaciónes de la Secretaría de Educación,
_c1976.
300 _a34 ; 22 páginas :
_bilustraciones ;
_c22 cm.
336 _2rdacontent
_atexto
_btxt
337 _2rdamedia
_asin mediación
_bn
338 _2rdacarrier
_avolumen
_bnc
500 _aA la cabeza de la portada, Publicaciónes de la Secretaría de Educación, 1976 año de Duarte
563 _aDos obras encuadernadas juntas con paginación continua
590 _aInventariado, 2018/VM
650 4 _aAutores dominicanos
_xCrítica e interpretación
_9158
650 0 _aPoesía dominicana
_966
650 0 _aLiteratura dominicana.
_967
700 1 _aMatos Berrido,Leonardo,
_epresentación
_924949
700 1 _aIncháustegui Cabral, Héctor,
_d1912-1979
_epról.
_921024
700 _aPérez Alfonseca, Ricardo
_tCanto a la independencia
_924950
740 0 _aFinis patria ; Canto a la independencia.
910 _aValidado. Control de calidad BNPHU
942 _2ddc
_cLBS1
999 _c9764
_d9764